000 00686nam a2200289Ia 4500
005 20260324125017.0
008 008 260324s9999 xx 000 0 eng d
020 _a9780203873502
037 _aEBOOK
040 _aCRL
040 _beng
040 _cCRL
041 _2eng
041 _aeng
084 _qCRL
100 _aKenneth Wright
_91176349
245 0 _aMirroring and Attunement
245 0 _bSelf-Realization in Psychoanalysis and Art
260 _bTaylor and Francis
260 _c2009
365 _a
365 _b170
856 _uhttp://www.taylorfrancis.com/books/9780203873502
942 _cEBOOK
999 _c1771233
_d1771233